000 00588nam a2200205Ia 4500
005 20250923145329.0
008 008 250917s9999 xx 000 0 eng d
037 _aTextual
040 _aDSWL
_beng
_cDSWL
041 _aeng
_2eng
084 _aY15-33.6, N73
_qDSWL
100 _aLittle, Kenneth
_9834150
245 0 _aAfrican women in towns
_c by Kenneth Little
260 _aLondon
_bCambridge University Press
_c1973
300 _aviii,242p.
365 _aINR
_b34 . 20
925 _g34 . 20
942 _cTEXL
_hY15-33.6, N73
999 _c1450088
_d1450088